|
|
|
|
| LEADER |
00000nam0a2200000 4500 |
| 001 |
47966 |
| 005 |
20231031030814.0 |
| 010 |
|
|
|a 5724601222
|
| 035 |
|
|
|a (RuTPU)RU\TPU\book\50157
|
| 090 |
|
|
|a 47966
|
| 100 |
|
|
|a 20030227d1999 еm y0rusy50020304ca
|
| 101 |
0 |
|
|a rus
|
| 102 |
|
|
|a RU
|
| 105 |
|
|
|a y j 000zb
|
| 200 |
1 |
|
|a Пушкин и исторические судьбы русской культуры
|e Пособие к спецкурсу по истории отечественной культуры ( для негуманитарных вузов )
|f Российский Государственный Университет нефти и газа им. И. М. Губкина; Кафедра истории мировой культуры; сост. М. Н. Филатова, Л. А. Левина
|
| 210 |
|
|
|a Москва
|c Нефть и газ
|d 1999
|
| 215 |
|
|
|a 176 с.
|
| 300 |
|
|
|a Сост. указ. на обороте тит. листа
|
| 600 |
|
1 |
|a Пушкин
|g Александр Сергеевич
|c русский писатель, поэт
|f 1799 - 1837
|b А. С.
|2 stltpui
|3 (RuTPU)RU\TPU\pers\1026
|
| 610 |
1 |
|
|a культура
|
| 610 |
1 |
|
|a история
|
| 610 |
1 |
|
|a 19 век
|
| 610 |
1 |
|
|a русская культура
|
| 610 |
1 |
|
|a учебные пособия
|
| 686 |
|
|
|a Ч113(2)я73
|v LBC/SL-A
|2 rubbk
|
| 702 |
|
1 |
|a Филатова
|b М. Н.
|4 220
|
| 702 |
|
1 |
|a Левина
|b Л. А.
|4 220
|
| 712 |
0 |
2 |
|a Российский Государственный Университет нефти и газа им. И. М. Губкина
|
| 712 |
0 |
2 |
|a Кафедра истории мировой культуры
|
| 801 |
|
1 |
|a RU
|b 63413507
|c 20030227
|g PSBO
|
| 801 |
|
2 |
|a RU
|b 63413507
|c 20040620
|g PSBO
|
| 942 |
|
|
|c BK
|